000 00957nam a2200205 i 4500
001 181188
003 ES-MaACL
005 20230906221308.0
008 121030s1914 sp |||| | spa d
100 1 _aNuviala y Falcón, Mariano.
_9151765
245 1 0 _aLo que es y lo que debe ser el Colegio Nacional de Ciegos de Madrid /
_cpor Mariano Nuviala y Falcón.
260 _a[Madrid :
_bJunta para Ampliación de Estudios e Investigaciones Científicas,
_c1914]
300 _a68 p. ;
_c24 cm.
490 1 _aAnales de la Junta para Ampliación de Estudios e Investigaciones Científicas ;
_vt. 14, memoria 1
610 2 4 _aColegio Nacional de Sordo-Mudos y de Ciegos de Madrid.
_92940
710 2 _aJunta para la Ampliación de Estudios e Investigaciones Científicas.
_95413
830 0 _aAnales de la Junta para Ampliación de Estudios e Investigaciones Científicas ;
_vt. 14, memoria 1
_9186710
852 _aES-MaACL
_jB-13170(1)
999 _c181188
_d181188